|
|
|
|
| LEADER |
00000nam a2200000 a 4500 |
| 001 |
vtls001355254 |
| 003 |
SK-MaSNL |
| 005 |
20260301070450.0 |
| 008 |
180814s1969 xo 0 slo |
| 020 |
|
|
|c 10,00
|
| 035 |
|
|
|a SNK000308710
|
| 040 |
|
|
|a SNK
|b slo
|c SNK
|e AACR2
|
| 041 |
0 |
|
|a slo
|
| 044 |
|
|
|a xo
|c SK
|
| 080 |
|
|
|a 008:39(437.6)
|2 1981
|
| 080 |
|
|
|a 39(437.6)
|2 1981
|
| 245 |
1 |
|
|a Konferencia O perspektívach rozvoja národopisnej vedy na Slovensku
|b Smolenice 3.-6.12.1968
|
| 260 |
|
|
|a Bratislava
|b SAV
|c 1969
|
| 300 |
|
|
|a S. 308-309
|c 24 cm
|
| 500 |
|
|
|a Odtlačok z: Slovenský národopis, 17, 1969, 2-3
|
| 505 |
0 |
|
|a Obsahuje 12 článkov
|
| 650 |
0 |
7 |
|a národopis slovenský
|x dejiny
|x výskumy
|x odtlačky
|2 SNK
|9 386707
|
| 650 |
0 |
7 |
|a kultúra ľudová slovenská
|x dejiny
|x výskumy
|x odtlačky
|2 SNK
|9 386708
|
| 958 |
|
|
|a OND
|
| 999 |
|
|
|c 634439
|d 636369
|
| 952 |
|
|
|t P60, <03>, [BOOK], {603}
|a SNK
|b SNK
|y PREZ
|7 0
|p 17A0179531
|o snkOSC 20088
|i snkK 439/99
|0 0
|1 0
|4 0
|d 1999-02-16
|l 0
|r 2005-01-02 00:00:00
|w 2026-02-23
|